| 000 | 00742cam a22002413a 4500 | ||
|---|---|---|---|
| 001 | 22951 | ||
| 003 | PGUSA | ||
| 005 | 20140828083504.0 | ||
| 008 | 071001s2007||||xxu|||||s|||||000 1 eng d | ||
| 040 |
_aPGUSA _beng |
||
| 042 | _adc | ||
| 050 | 4 | _aPZ | |
| 100 | 1 | _aAppleton, Victor | |
| 245 | 1 | 0 |
_aTom Swift and His Aerial Warship; Or, The Naval Terror of the Seas _h[electronic resource] / _cVictor Appleton |
| 260 |
_bProject Gutenberg, _c2007 |
||
| 506 | _aPublic domain in the USA. | ||
| 516 | _aElectronic text | ||
| 653 | _aSwift, Tom (Fictitious character) -- Juvenile fiction | ||
| 653 | _aAirships -- Juvenile fiction | ||
| 830 | 0 |
_aProject Gutenberg _v22951 |
|
| 856 | 4 | 0 | _uhttp://www.gutenberg.org/ebooks/22951 |
| 942 | _cEB | ||
| 999 |
_c252206 _d252206 |
||